[Event "DM Kort Paaske 1 Grp2 2025"]
[Site "Svendborg"]
[Date "2025.04.12"]
[Round "1"]
[White "Poulsen, Peter Risgaard"]
[Black "Fyhn, Buster Hulthin"]
[Result "1-0"]
[WhiteElo "1893"]
[BlackElo "1862"]
[WhiteFideId "1407333"]
[BlackFideId "1481800"]
[EventDate "2025.04.12"]
[EventType "swiss"]
[EventRounds "5"]
[EventCountry "DEN"]
[SourceTitle "Live v. Kasper Jerwiarz"]

1. c4 Nf6 2. Nc3 e6 3. e4 Bb4 4. e5 Bxc3 5. dxc3 Ng8 6. Qg4 g6 7. Bd3 Nc6 8. Nf3 d6 9. Bg5 Nce7 10. O-O-O Bd7 11. Rhe1 Bc6 12. Bc2 Qd7 13. exd6 cxd6 14. Qd4 f6 15. Bxf6 Nxf6 16. Qxf6 Rf8 17. Qxe6 Qxe6 18. Rxe6 Bxf3 19. gxf3 Rxf3 20. Rde1 Rf7 21. Be4 Kd7 22. Bxb7 Rb8 23. Bg2 Nc8 24. Bh3 Kc7 25. R1e2 Nb6 26. Re7+ Rxe7 27. Rxe7+ Kd8 28. Rxh7 Nxc4 29. b3 Ne5 30. Rxa7 Nd3+ 31. Kc2 Nxf2 32. Rh7 Rb5 33. Bf1 Rd5 34. Rg7 Ng4 35. Bd3 Rh5 36. Rxg6 Rxh2+ 37. Kb1 Ne5 38. Rxd6+ Ke7 39. Rd4 Rd2 40. Bc2 Rxd4 41. cxd4 Nc6 42. d5 Nd4 43. Bd3 Kd6 44. Bc4 Kc5 45. Kb2 Nf5 46. Kc3 Nd6 47. b4+ Kb6 48. a4 Nb7 49. a5+ Kc7 50. Kd4 Nd6 51. b5 Nb7 52. b6+ Kc8 53. Ba6 Kb8 54. Bxb7 Kxb7 55. Ke5 Kc8 56. a6 Kd8 57. Ke6 Kc8 58. Ke7 Kb8 59. d6 1-0

[Event "DM Kort Paaske 1 Grp2 2025"]
[Site "Svendborg"]
[Date "2025.04.12"]
[Round "1"]
[White "Nielsen, Angelo"]
[Black "Jorgensen, Ole Eik"]
[Result "0-1"]
[WhiteElo "1754"]
[BlackElo "1894"]
[WhiteFideId "1442589"]
[BlackFideId "1443240"]
[EventDate "2025.04.12"]
[EventType "swiss"]
[EventRounds "5"]
[EventCountry "DEN"]
[SourceTitle "Live v. Kasper Jerwiarz"]

1. d4 Nf6 2. Nf3 g6 3. g3 Bg7 4. Bg2 O-O 5. O-O d6 6. c4 Nbd7 7. Nc3 c6 8. e4 e5 9. d5 cxd5 10. cxd5 Nc5 11. Qc2 a5 12. Be3 b6 13. Bxc5 bxc5 14. Nd2 Ba6 15. Rfe1 Rb8 16. a3 Nh5 17. Rab1 f5 18. b3 f4 19. g4 f3 20. gxh5 Qg5 21. Nxf3 Rxf3 22. Kh1 Bd3 23. Qd1 Rxf2 24. Bh3 Bxb1 25. Nxb1 Qf4 26. Bg2 Rf8 27. Qd3 Rxg2 0-1

[Event "DM Kort Paaske 1 Grp2 2025"]
[Site "Svendborg"]
[Date "2025.04.12"]
[Round "1"]
[White "Petersen, Frank Gjerning"]
[Black "Langer, Peter"]
[Result "1-0"]
[WhiteElo "1838"]
[BlackElo "1741"]
[WhiteFideId "1427032"]
[BlackFideId "1425781"]
[EventDate "2025.04.12"]
[EventType "swiss"]
[EventRounds "5"]
[EventCountry "DEN"]
[SourceTitle "Live v. Kasper Jerwiarz"]

1. d4 d5 2. Nc3 c6 3. Bf4 Bf5 4. f3 e6 5. g4 Qh4+ 6. Bg3 Qg5 7. gxf5 exf5 8. Qd2 Qg6 9. Nh3 Bb4 10. Rg1 Qe6 11. O-O-O Nd7 12. Bg2 Ngf6 13. Nf4 Qe7 14. Nd3 Ba5 15. Ne5 Nxe5 16. Bxe5 Nh5 17. Bg3 Nxg3 18. hxg3 O-O-O 19. Kb1 Rhe8 20. e4 Qd7 21. Rh1 dxe4 22. fxe4 c5 23. Qf2 Bxc3 24. bxc3 Qb5+ 25. Ka1 Qc4 26. Qxf5+ Kb8 27. Qxc5 Qe2 28. Rb1 Rd7 29. Bh3 Rc7 30. Qb5 Qxe4 31. Rhe1 Qxe1 32. Rxe1 Rxe1+ 33. Kb2 Re3 34. Qd5 Re8 35. c4 g6 36. c5 f5 37. a4 a6 38. Bg2 Kc8 39. Qb3 Re2 40. Qg8+ Kd7 41. Qxh7+ Kd8 42. Qg8+ Kd7 43. Bd5 Re8 44. Qxg6 Kc8 45. Qxe8# 1-0

[Event "DM Kort Paaske 1 Grp2 2025"]
[Site "Svendborg"]
[Date "2025.04.12"]
[Round "1"]
[White "Silcowitz, Magnus"]
[Black "Jacobsen, Steen"]
[Result "1/2-1/2"]
[WhiteElo "1694"]
[BlackElo "1814"]
[WhiteFideId "1476734"]
[BlackFideId "1447009"]
[EventDate "2025.04.12"]
[EventType "swiss"]
[EventRounds "5"]
[EventCountry "DEN"]
[SourceTitle "Live v. Kasper Jerwiarz"]

1. e4 c6 2. d4 d5 3. Nc3 dxe4 4. Nxe4 Bf5 5. Ng3 Bg6 6. Nf3 Nd7 7. h4 h6 8. h5 Bh7 9. Bd3 Bxd3 10. Qxd3 Ngf6 11. Bd2 e6 12. O-O-O Bd6 13. Ne4 Nxe4 14. Qxe4 Nf6 15. Qe2 Qc7 16. Ne5 O-O-O 17. Kb1 Kb8 18. Nc4 Nd5 19. Nxd6 Qxd6 20. g3 Ka8 21. c4 Nf6 22. Bf4 Qe7 23. Be5 Rhg8 24. Rd3 c5 25. Bxf6 Qxf6 26. dxc5 Rxd3 27. Qxd3 Rd8 28. Qe2 Qd4 29. a3 Qxc5 30. Rc1 Qd4 1/2-1/2

[Event "DM Kort Paaske 1 Grp2 2025"]
[Site "Svendborg"]
[Date "2025.04.12"]
[Round "1"]
[White "Andries, Leia"]
[Black "Bultijnck, Kristoff"]
[Result "1-0"]
[WhiteElo "1734"]
[BlackElo "1732"]
[WhiteFideId "1469207"]
[BlackFideId "254975"]
[EventDate "2025.04.12"]
[EventType "swiss"]
[EventRounds "5"]
[EventCountry "DEN"]
[SourceTitle "Live v. Kasper Jerwiarz"]

1. e4 c5 2. c3 d6 3. d4 cxd4 4. cxd4 Nf6 5. Nc3 e6 6. Nf3 Be7 7. Bd3 O-O 8. O-O Nc6 9. a3 a6 10. Qc2 g6 11. Bh6 Re8 12. h3 b5 13. Nxb5 axb5 14. Qxc6 Bd7 15. Qc2 Rc8 16. Qe2 Qb6 17. Rac1 b4 18. axb4 Qxb4 19. Qd2 Qb7 20. Qe2 Rb8 21. Rb1 Bc6 22. Rfe1 Rec8 23. Ba6 Qa7 24. Bxc8 Nxe4 25. Rec1 Qa2 26. Ra1 Nc3 27. Qc2 1-0

[Event "DM Kort Paaske 1 Grp2 2025"]
[Site "Svendborg"]
[Date "2025.04.12"]
[Round "1"]
[White "Emborg, Linus"]
[Black "Nielsen, Pia"]
[Result "1/2-1/2"]
[WhiteElo "1861"]
[BlackElo "1644"]
[WhiteFideId "1477285"]
[BlackFideId "1409700"]
[EventDate "2025.04.12"]
[EventType "swiss"]
[EventRounds "5"]
[EventCountry "DEN"]
[SourceTitle "Live v. Kasper Jerwiarz"]

1. e4 c6 2. d4 d5 3. exd5 cxd5 4. Bd3 Nf6 5. c3 Bg4 6. Qb3 Qb6 7. Qxb6 axb6 8. Na3 Bd7 9. Nb5 Bxb5 10. Bxb5+ Nc6 11. Bf4 Rc8 12. Nf3 e6 13. Ne5 Be7 14. Nxc6 bxc6 15. Ba6 Rd8 16. Bc7 Rd7 17. Bxb6 O-O 18. a4 Bd8 19. Bc5 Be7 20. Bxe7 Rxe7 21. O-O Ne4 22. Bd3 Nd6 23. b4 Rb8 24. Rfb1 Reb7 25. b5 cxb5 26. axb5 g6 27. Ra5 Nc4 28. Bxc4 dxc4 29. Rb4 Kg7 30. f3 Kf6 31. Kf2 Rb6 32. Ke3 h5 33. h4 g5 34. hxg5+ Kxg5 35. Rxc4 Rxb5 36. Rxb5+ Rxb5 37. Rc5+ Rxc5 38. dxc5 Kf6 39. f4 Ke7 40. Kf3 Kd7 41. Kg3 Kc6 42. Kh4 Kxc5 43. Kxh5 Kc4 44. Kg5 Kxc3 45. Kf6 Kd4 46. Kxf7 Ke4 47. g3 Kf5 48. Kg7 Kg4 49. Kf6 Kxg3 50. f5 exf5 51. Kxf5 1/2-1/2

[Event "DM Kort Paaske 1 Grp2 2025"]
[Site "Svendborg"]
[Date "2025.04.13"]
[Round "2"]
[White "Jorgensen, Ole Eik"]
[Black "Andries, Leia"]
[Result "0-1"]
[WhiteElo "1894"]
[BlackElo "1734"]
[WhiteFideId "1443240"]
[BlackFideId "1469207"]
[EventDate "2025.04.12"]
[EventType "swiss"]
[EventRounds "5"]
[EventCountry "DEN"]
[SourceTitle "Live v. Kasper Jerwiarz"]

1. e4 c5 2. d4 cxd4 3. c3 dxc3 4. Nxc3 Nc6 5. Nf3 d6 6. Bc4 a6 7. O-O Nf6 8. h3 e6 9. Qe2 Be7 10. Rd1 Qc7 11. Be3 O-O 12. Rac1 Rd8 13. Bd3 Qa5 14. a3 Bd7 15. Bf4 b5 16. Bd2 Qb6 17. Be3 Qb7 18. Bb1 Rac8 19. Bg5 h6 20. Bxf6 Bxf6 21. Rxd6 Ne5 22. Nxe5 Bxe5 23. Rd3 Bc6 24. Rxd8+ Rxd8 25. Rd1 Rxd1+ 26. Nxd1 b4 27. axb4 Qxb4 28. g3 Bb5 29. Qc2 Qe1+ 30. Kh2 Be2 31. Ne3 Qxf2+ 32. Ng2 Bxg3+ 0-1

[Event "DM Kort Paaske 1 Grp2 2025"]
[Site "Svendborg"]
[Date "2025.04.13"]
[Round "2"]
[White "Nielsen, Pia"]
[Black "Silcowitz, Magnus"]
[Result "0-1"]
[WhiteElo "1644"]
[BlackElo "1694"]
[WhiteFideId "1409700"]
[BlackFideId "1476734"]
[EventDate "2025.04.12"]
[EventType "swiss"]
[EventRounds "5"]
[EventCountry "DEN"]
[SourceTitle "Live v. Kasper Jerwiarz"]

1. c4 c6 2. e4 d5 3. Nc3 d4 4. Nce2 e5 5. d3 c5 6. g3 Nc6 7. Bg2 Bd6 8. f4 f5 9. fxe5 Bxe5 10. Nf4 Nf6 11. h3 O-O 12. Nge2 fxe4 13. dxe4 Qd6 14. O-O Bd7 15. Bd2 Rae8 16. Qe1 Rf7 17. Nd5 b6 18. Nef4 Qf8 19. Rb1 Bd6 20. a3 Nxe4 21. Bxe4 Bf5 22. Rc1 Bxe4 23. Qd1 Ne5 24. Nd3 Nxd3 25. Rxf7 Qxf7 26. Qf1 Qg6 27. g4 Rf8 28. Qd1 Rf2 29. Nf4 Bxf4 30. Bxf4 Rxf4 31. Qa4 Rxg4+ 32. Kf1 Rg1+ 33. Ke2 Qg2# 0-1

[Event "DM Kort Paaske 1 Grp2 2025"]
[Site "Svendborg"]
[Date "2025.04.13"]
[Round "2"]
[White "Kjeldsen, Johannes Juel"]
[Black "Emborg, Linus"]
[Result "1-0"]
[WhiteElo "1825"]
[BlackElo "1861"]
[WhiteFideId "1473263"]
[BlackFideId "1477285"]
[EventDate "2025.04.12"]
[EventType "swiss"]
[EventRounds "5"]
[EventCountry "DEN"]
[SourceTitle "Live v. Kasper Jerwiarz"]

1. e4 e6 2. d4 d5 3. Nc3 Nf6 4. e5 Nfd7 5. f4 c5 6. Be3 Nc6 7. Nf3 Qb6 8. Na4 Qa5+ 9. c3 cxd4 10. b4 Qd8 11. Nxd4 Nxd4 12. Bxd4 b6 13. Be2 Bb7 14. O-O Be7 15. Nb2 O-O 16. Rf3 f6 17. Rh3 fxe5 18. fxe5 Bg5 19. Bd3 h6 20. Qg4 Qe7 21. g3 Kh8 22. Rh5 Rg8 23. Bg6 Raf8 24. h4 Nxe5 25. Bxe5 Be3+ 26. Kh1 d4+ 27. Be4 dxc3 28. Bxc3 Rf2 29. Qg6 Bxe4+ 30. Qxe4 Rgf8 31. Nc4 Qf7 32. Re5 Rf1+ 33. Kh2 Rxa1 34. Bxa1 Qf2+ 35. Qg2 Qe1 36. Rxe3 Qxa1 37. Rxe6 Qd4 38. Re4 Qd1 39. Qe2 Qxe2+ 40. Rxe2 b5 41. Nd6 1-0

[Event "DM Kort Paaske 1 Grp2 2025"]
[Site "Svendborg"]
[Date "2025.04.13"]
[Round "2"]
[White "Fyhn, Buster Hulthin"]
[Black "Langer, Peter"]
[Result "1-0"]
[WhiteElo "1862"]
[BlackElo "1741"]
[WhiteFideId "1481800"]
[BlackFideId "1425781"]
[EventDate "2025.04.12"]
[EventType "swiss"]
[EventRounds "5"]
[EventCountry "DEN"]
[SourceTitle "Live v. Kasper Jerwiarz"]

1. e4 c6 2. d4 d5 3. exd5 cxd5 4. Bd3 Nf6 5. h3 e6 6. Nf3 Bd6 7. O-O O-O 8. Re1 Nc6 9. c3 Qc7 10. Bg5 Nd7 11. Bc2 e5 12. dxe5 Ndxe5 13. Qxd5 Be6 14. Qe4 Ng6 15. Nbd2 Nce7 16. Bxe7 Qxe7 17. Nd4 Rfe8 18. Nxe6 fxe6 19. Bb3 Nf4 20. Nf3 Kh8 21. h4 e5 22. Ng5 g6 23. Nf7+ Kg7 24. Nxd6 Qxd6 25. Qxb7+ Kh6 26. Rad1 Qf6 27. Rd7 Rh8 28. Rxh7+ Rxh7 29. Qxa8 Nd3 30. Re2 Rd7 31. Qf3 Nf4 32. Re1 Rd2 33. Qe3 Rxb2 34. g3 Qf5 35. gxf4 Qg4+ 36. Qg3 Qd7 37. Rd1 Qb5 38. Qg5+ Kh7 39. Bg8+ Kg7 40. Qe7+ Kh6 41. Qh7# 1-0

[Event "DM Kort Paaske 1 Grp2 2025"]
[Site "Svendborg"]
[Date "2025.04.13"]
[Round "2"]
[White "Bultijnck, Kristoff"]
[Black "Nielsen, Angelo"]
[Result "1-0"]
[WhiteElo "1732"]
[BlackElo "1754"]
[WhiteFideId "254975"]
[BlackFideId "1442589"]
[EventDate "2025.04.12"]
[EventType "swiss"]
[EventRounds "5"]
[EventCountry "DEN"]
[SourceTitle "Live v. Kasper Jerwiarz"]

1. e4 g6 2. d4 Bg7 3. Nc3 c5 4. Be3 Qa5 5. Nf3 Nc6 6. Qd2 cxd4 7. Nxd4 Nxd4 8. Bxd4 Bxd4 9. Qxd4 Nf6 10. O-O-O O-O 11. e5 Ne8 12. Nd5 Qd8 13. h4 Nc7 14. Nxc7 Qxc7 15. h5 Qc6 16. hxg6 fxg6 17. Bc4+ e6 18. Qh4 Rf7 19. Qd8+ Rf8 20. Qe7 Rf7 21. Qxf7+ 1-0

[Event "DM Kort Paaske 1 Grp2 2025"]
[Site "Svendborg"]
[Date "2025.04.13"]
[Round "3"]
[White "Silcowitz, Magnus"]
[Black "Petersen, Frank Gjerning"]
[Result "1-0"]
[WhiteElo "1694"]
[BlackElo "1838"]
[WhiteFideId "1476734"]
[BlackFideId "1427032"]
[EventDate "2025.04.12"]
[EventType "swiss"]
[EventRounds "5"]
[EventCountry "DEN"]
[SourceTitle "Live v. Kasper Jerwiarz"]

1. e4 c6 2. d4 d5 3. f3 e6 4. Bd3 Nf6 5. Ne2 c5 6. c3 Nc6 7. Bg5 Qb6 8. Qb3 c4 9. Qxb6 axb6 10. Bc2 b5 11. Nd2 b4 12. O-O Nd7 13. exd5 exd5 14. Nf4 f6 15. Nxd5 Ra5 16. Nc7+ Kf7 17. Bf4 Nb6 18. Nxc4 Nxc4 19. Bb3 b5 20. Nxb5 g5 21. Bxc4+ Kg7 22. Bc7 1-0

[Event "DM Kort Paaske 1 Grp2 2025"]
[Site "Svendborg"]
[Date "2025.04.13"]
[Round "3"]
[White "Poulsen, Peter Risgaard"]
[Black "Jorgensen, Ole Eik"]
[Result "1-0"]
[WhiteElo "1893"]
[BlackElo "1894"]
[WhiteFideId "1407333"]
[BlackFideId "1443240"]
[EventDate "2025.04.12"]
[EventType "swiss"]
[EventRounds "5"]
[EventCountry "DEN"]
[SourceTitle "Live v. Kasper Jerwiarz"]

1. c4 Nf6 2. Nc3 c5 3. e4 d6 4. g3 Nc6 5. Bg2 g6 6. d3 Bg7 7. h3 Bd7 8. Nge2 O-O 9. Be3 a6 10. Qd2 Rb8 11. O-O h5 12. f4 Qc8 13. Kh2 b5 14. Rae1 bxc4 15. dxc4 Re8 16. b3 Nh7 17. f5 Ne5 18. fxg6 fxg6 19. Nd5 Nf6 20. Nef4 Qd8 21. Nd3 Nxd3 22. Qxd3 Rf8 23. e5 dxe5 24. Qxg6 Be8 25. Qc2 Rc8 26. Rd1 Nd7 27. Rxf8+ Bxf8 28. Qf5 Bf7 29. Be4 Bg7 30. Bg5 Bf6 31. Bh6 Bxd5 32. Qh7# 1-0

[Event "DM Kort Paaske 1 Grp2 2025"]
[Site "Svendborg"]
[Date "2025.04.13"]
[Round "3"]
[White "Fyhn, Buster Hulthin"]
[Black "Kjeldsen, Johannes Juel"]
[Result "0-1"]
[WhiteElo "1862"]
[BlackElo "1825"]
[WhiteFideId "1481800"]
[BlackFideId "1473263"]
[EventDate "2025.04.12"]
[EventType "swiss"]
[EventRounds "5"]
[EventCountry "DEN"]
[SourceTitle "Live v. Kasper Jerwiarz"]

1. e4 b6 2. d4 Bb7 3. Bd3 e6 4. Nf3 d6 5. h3 Nd7 6. c4 Ngf6 7. Nc3 Be7 8. Be3 O-O 9. g4 h6 10. Nd2 e5 11. d5 Nh7 12. Qf3 Bg5 13. O-O-O Bxe3 14. fxe3 Nc5 15. Bc2 Qh4 16. Qg2 Ng5 17. Ne2 a6 18. Ng1 b5 19. cxb5 axb5 20. Bb1 c6 21. Ndf3 Nxf3 22. Nxf3 Qe7 23. Ne1 Rfc8 24. Nc2 cxd5 25. exd5 e4 26. Qe2 Nd3+ 27. Rxd3 exd3 28. Qxd3 Qe5 29. Rd1 Rc5 30. e4 Qf4+ 31. Rd2 b4 32. Kd1 Ba6 33. Qe3 Qf1+ 34. Ne1 Rac8 35. Bc2 Qc4 36. Rd4 Qxa2 37. Rxb4 Qa1+ 38. Kd2 Qa5 39. Qa3 Qxa3 40. bxa3 Rb5 41. Nd3 Rxb4 42. Nxb4 Bf1 43. Nc6 Ra8 44. a4 Bxh3 45. e5 Bxg4 46. exd6 Bd7 47. Ne5 Bxa4 48. Nc6 Bxc2 49. Kxc2 Kf8 50. d7 h5 51. d6 h4 52. d8=Q+ Rxd8 53. Nxd8 Ke8 54. Nc6 h3 55. Ne5 h2 56. Kd3 h1=Q 57. Kd4 f6 58. Nd3 Qd1 59. Kc4 Qxd3+ 60. Kxd3 Kd7 61. Ke4 Kxd6 62. Kf5 g5 63. Kg4 Ke5 64. Kg3 f5 65. Kf3 Kd4 66. Ke2 g4 67. Kf2 f4 68. Ke2 Ke4 69. Kf2 Kd3 70. Ke1 g3 71. Kf1 f3 0-1

[Event "DM Kort Paaske 1 Grp2 2025"]
[Site "Svendborg"]
[Date "2025.04.13"]
[Round "3"]
[White "Emborg, Linus"]
[Black "Bultijnck, Kristoff"]
[Result "1-0"]
[WhiteElo "1861"]
[BlackElo "1732"]
[WhiteFideId "1477285"]
[BlackFideId "254975"]
[EventDate "2025.04.12"]
[EventType "swiss"]
[EventRounds "5"]
[EventCountry "DEN"]
[SourceTitle "Live v. Kasper Jerwiarz"]

1. e4 c5 2. c3 d6 3. d4 cxd4 4. cxd4 Nf6 5. Nc3 e6 6. Nf3 Be7 7. Bd3 Nc6 8. O-O a6 9. Re1 O-O 10. e5 dxe5 11. dxe5 Nd5 12. Nxd5 exd5 13. a3 Re8 14. h3 Be6 15. b4 b5 16. Bb2 Rc8 17. Nd4 Nxd4 18. Bxd4 Qd7 19. Qf3 Rc6 20. g4 h5 21. Bf5 hxg4 22. hxg4 Rc4 23. Qd3 Rec8 24. Kg2 Bxf5 25. gxf5 Rxd4 26. Qxd4 Qxf5 27. Qxd5 Qg4+ 28. Kf1 Rd8 29. Qe4 Qh3+ 30. Qg2 Qd3+ 31. Kg1 Qf5 32. Re3 Rd4 33. Rae1 Bh4 34. Rf3 Qh5 35. Kf1 Rg4 36. Qh1 Qg6 37. Rh3 Qg5 38. Rf3 Qh5 39. Ree3 Qg5 40. Rh3 Qf4 41. Qf3 Qc4+ 42. Qe2 Qc1+ 43. Qe1 Qc6 44. Rh2 Rf4 45. Rc3 Qe6 46. Qd2 Bg5 47. Qd6 Qe8 48. Rc7 Re4 49. Qd5 Rxe5 50. Qxe5 Qd8 51. Qg3 Qd1+ 52. Kg2 f6 53. Rc8+ Kf7 54. Rc7+ Kg6 55. Rc3 Qd5+ 56. Qf3 Qe6 57. Qh5+ Kf5 58. Qh3+ Ke5 59. Qxe6+ Kxe6 60. Rc6+ 1-0

[Event "DM Kort Paaske 1 Grp2 2025"]
[Site "Svendborg"]
[Date "2025.04.13"]
[Round "3"]
[White "Nielsen, Pia"]
[Black "Jacobsen, Steen"]
[Result "0-1"]
[WhiteElo "1644"]
[BlackElo "1814"]
[WhiteFideId "1409700"]
[BlackFideId "1447009"]
[EventDate "2025.04.12"]
[EventType "swiss"]
[EventRounds "5"]
[EventCountry "DEN"]
[SourceTitle "Live v. Kasper Jerwiarz"]

1. c3 Nf6 2. d4 d5 3. Nf3 e6 4. Bg5 Be7 5. e3 Nbd7 6. c4 c6 7. cxd5 exd5 8. Bd3 h6 9. Bxf6 Nxf6 10. Nc3 O-O 11. h3 Bd6 12. a3 a5 13. Qc2 Re8 14. O-O Bd7 15. Rab1 Qe7 16. Na4 Qd8 17. Rfc1 Ne4 18. Nc5 Bxc5 19. dxc5 Qf6 20. b4 axb4 21. axb4 Bxh3 22. Bf1 Bd7 23. b5 Ra5 24. bxc6 Bxc6 25. Qb3 Rea8 26. Qb6 Ra2 27. Qc7 Rb2 28. Ra1 Raa2 29. Rxa2 Rxa2 30. Qe5 Qxe5 31. Nxe5 Nxf2 32. Nxc6 bxc6 33. Rb1 Ne4 34. Bd3 Ra3 35. Rb8+ Kh7 36. Bxe4+ dxe4 37. Rc8 Ra6 38. Kf2 g5 39. Kg3 f5 40. Kh3 Ra3 41. Rxc6 Rxe3+ 42. g3 Rc3 43. Rc7+ Kg6 44. Rc6+ Kh5 45. Kg2 Kg4 46. Rc8 Rc2+ 47. Kf1 Kxg3 48. c6 f4 49. c7 Kf3 50. Ke1 e3 51. Kd1 Rc6 52. Re8 Rxc7 53. Re6 Kf2 54. Re4 Rd7+ 55. Kc2 e2 56. Rxf4+ gxf4 57. Kb3 e1=Q 58. Kc4 Qc1+ 59. Kb5 Rb7+ 60. Ka6 Rb2 61. Ka7 Qa1# 0-1

[Event "DM Kort Paaske 1 Grp2 2025"]
[Site "Svendborg"]
[Date "2025.04.13"]
[Round "3"]
[White "Langer, Peter"]
[Black "Nielsen, Angelo"]
[Result "0-1"]
[WhiteElo "1741"]
[BlackElo "1754"]
[WhiteFideId "1425781"]
[BlackFideId "1442589"]
[EventDate "2025.04.12"]
[EventType "swiss"]
[EventRounds "5"]
[EventCountry "DEN"]
[SourceTitle "Live v. Kasper Jerwiarz"]

1. d4 g6 2. Bf4 Bg7 3. e3 d6 4. Nf3 Nd7 5. Bc4 e6 6. Nbd2 Nb6 7. Bb3 Nf6 8. h3 Bd7 9. c4 a5 10. a4 Bc6 11. O-O O-O 12. Qc2 Nh5 13. Bh2 Re8 14. Rfd1 Qe7 15. Ne4 Bxe4 16. Qxe4 d5 17. cxd5 exd5 18. Qd3 c6 19. Re1 Qe4 20. Qc3 Bf8 21. Qc2 Qxc2 22. Bxc2 Bb4 23. Re2 Nf6 24. b3 Ne4 25. Bxe4 dxe4 26. Ne5 Nd5 27. Nc4 Re6 28. Rc2 f6 29. Rf1 h5 30. Re2 b5 31. axb5 cxb5 32. Nb2 Rc6 33. Nd1 Rac8 34. f4 Rc2 35. Rff2 Rc1 36. Rf1 Rb1 37. Nf2 Rxf1+ 38. Kxf1 Rc1+ 39. Nd1 Rxd1+ 40. Kf2 Rd3 41. Bg1 Rxb3 0-1

[Event "DM Kort Paaske 1 Grp2 2025"]
[Site "Svendborg"]
[Date "2025.04.14"]
[Round "4"]
[White "Poulsen, Peter Risgaard"]
[Black "Andries, Leia"]
[Result "0-1"]
[WhiteElo "1893"]
[BlackElo "1734"]
[WhiteFideId "1407333"]
[BlackFideId "1469207"]
[EventDate "2025.04.12"]
[EventType "swiss"]
[EventRounds "5"]
[EventCountry "DEN"]
[SourceTitle "Live v. Kasper Jerwiarz"]

1. c4 c5 2. Nc3 Nc6 3. e4 g6 4. g3 Bg7 5. Bg2 d6 6. d3 e6 7. Nge2 Nge7 8. Be3 Nd4 9. O-O O-O 10. Qd2 a6 11. f4 Nec6 12. g4 Nxe2+ 13. Nxe2 Nd4 14. Bxd4 cxd4 15. Ng3 e5 16. f5 Qh4 17. g5 f6 18. gxf6 Bh6 19. Qb4 Be3+ 20. Kh1 Bf4 21. f7+ Rxf7 22. fxg6 hxg6 23. Rxf4 exf4 24. Nf5 gxf5 25. exf5 Rh7 26. h3 f3 0-1

[Event "DM Kort Paaske 1 Grp2 2025"]
[Site "Svendborg"]
[Date "2025.04.14"]
[Round "4"]
[White "Kjeldsen, Johannes Juel"]
[Black "Petersen, Frank Gjerning"]
[Result "1-0"]
[WhiteElo "1825"]
[BlackElo "1838"]
[WhiteFideId "1473263"]
[BlackFideId "1427032"]
[EventDate "2025.04.12"]
[EventType "swiss"]
[EventRounds "5"]
[EventCountry "DEN"]
[SourceTitle "Live v. Kasper Jerwiarz"]

1. e4 c6 2. d4 d5 3. exd5 cxd5 4. Bd3 Nc6 5. c3 Nf6 6. h3 e6 7. Nf3 Qc7 8. O-O Bd6 9. Re1 h6 10. Bb5 Bd7 11. Nbd2 O-O 12. Nf1 a6 13. Bd3 b5 14. a3 Rac8 15. N1d2 Na5 16. Qe2 Rfe8 17. Ne5 Nc4 18. Ndxc4 dxc4 19. Bc2 Bc6 20. Bf4 Nd7 21. Bh2 Nf8 22. Ng4 Bxh2+ 23. Nxh2 Qf4 24. Ng4 Nd7 25. Qe3 Qd6 26. f4 Qd5 27. Qg3 Qh5 28. Ne5 Nxe5 29. Rxe5 f5 30. Bd1 Qf7 31. Qh4 Qe7 32. Qg3 Kh8 33. Bh5 Rg8 34. Qg6 Qf6 35. Rxe6 Qxg6 36. Bxg6 Bb7 37. Bxf5 Rcf8 38. Re5 g5 39. fxg5 Bxg2 40. Bg4 Bf3 41. Bxf3 Rxf3 42. Kg2 Rd3 43. Rae1 Rxg5+ 44. Rxg5 Rd2+ 45. Kf3 hxg5 46. Re2 Rd3+ 47. Kg4 Kg7 48. Kxg5 Rxh3 49. Kf5 Kf7 50. Ke5 Ke7 51. Kd5+ Kd7 52. Kc5 Rh6 53. d5 1-0

[Event "DM Kort Paaske 1 Grp2 2025"]
[Site "Svendborg"]
[Date "2025.04.14"]
[Round "4"]
[White "Jacobsen, Steen"]
[Black "Emborg, Linus"]
[Result "0-1"]
[WhiteElo "1814"]
[BlackElo "1861"]
[WhiteFideId "1447009"]
[BlackFideId "1477285"]
[EventDate "2025.04.12"]
[EventType "swiss"]
[EventRounds "5"]
[EventCountry "DEN"]
[SourceTitle "Live v. Kasper Jerwiarz"]

1. d4 e6 2. c4 b6 3. Nc3 Bb7 4. e4 Bb4 5. d5 exd5 6. cxd5 Nf6 7. Qc2 O-O 8. Bg5 h6 9. Bxf6 Qxf6 10. Be2 c6 11. dxc6 dxc6 12. Bf3 Nd7 13. a3 Bxc3+ 14. Qxc3 Ne5 15. Be2 c5 16. f3 Rfd8 17. Rd1 Rxd1+ 18. Bxd1 Qg5 19. g3 Rd8 20. f4 Nd3+ 21. Qxd3 Rxd3 22. fxg5 Rxd1+ 23. Kxd1 Bxe4 24. gxh6 gxh6 25. Kd2 Bxh1 26. Ne2 f6 27. Nf4 Kf7 28. Kc3 Bb7 29. Kd2 f5 30. Ke3 Kf6 31. h4 Be4 32. Ne2 Ke5 33. Nc3 Bc6 34. Ne2 a5 35. Nc1 Bb5 36. Na2 Bc4 37. Nc1 a4 38. Kf3 h5 39. Ke3 b5 40. Kf3 b4 41. Ke3 b3 42. Nd3+ Bxd3 43. Kxd3 f4 44. gxf4+ Kxf4 45. Kc4 Kg4 46. Kxc5 Kxh4 47. Kb4 Kg4 48. Kxa4 h4 49. Kxb3 h3 50. a4 h2 51. Kb4 h1=Q 52. b3 Kf5 53. a5 Ke5 54. Kb5 Kd6 55. b4 Kc7 56. Ka4 Qe4 57. Kb3 Kc6 58. Ka4 Qc4 59. Ka3 Kb5 0-1

[Event "DM Kort Paaske 1 Grp2 2025"]
[Site "Svendborg"]
[Date "2025.04.14"]
[Round "4"]
[White "Jorgensen, Ole Eik"]
[Black "Bultijnck, Kristoff"]
[Result "0-1"]
[WhiteElo "1894"]
[BlackElo "1732"]
[WhiteFideId "1443240"]
[BlackFideId "254975"]
[EventDate "2025.04.12"]
[EventType "swiss"]
[EventRounds "5"]
[EventCountry "DEN"]
[SourceTitle "Live v. Kasper Jerwiarz"]

1. e4 c5 2. d4 cxd4 3. c3 dxc3 4. Nxc3 Nc6 5. Nf3 d6 6. Bc4 e6 7. O-O a6 8. Qe2 Nf6 9. Rd1 Qc7 10. Be3 b5 11. Bd3 Bb7 12. Rac1 Be7 13. Nd2 O-O 14. f4 Rfd8 15. e5 dxe5 16. fxe5 Qxe5 17. Nf3 Qh5 18. Ne4 Nd5 19. Ng3 Qg4 20. Bf2 Nf4 21. Qe4 f5 22. Qe3 Nxd3 23. Rxd3 f4 24. Rxd8+ Rxd8 25. Qb6 fxg3 26. hxg3 Bg5 27. Re1 Rd7 28. Nh2 Qf5 29. g4 Qd5 30. Nf3 Bd8 31. Qe3 e5 32. a3 Bc7 33. Ng5 h6 34. Ne4 Nd4 35. Bh4 Nc2 36. Qxh6 Qd4+ 0-1

[Event "DM Kort Paaske 1 Grp2 2025"]
[Site "Svendborg"]
[Date "2025.04.14"]
[Round "4"]
[White "Nielsen, Angelo"]
[Black "Fyhn, Buster Hulthin"]
[Result "1-0"]
[WhiteElo "1754"]
[BlackElo "1862"]
[WhiteFideId "1442589"]
[BlackFideId "1481800"]
[EventDate "2025.04.12"]
[EventType "swiss"]
[EventRounds "5"]
[EventCountry "DEN"]
[SourceTitle "Live v. Kasper Jerwiarz"]

1. d4 Nf6 2. g3 d5 3. Nf3 g6 4. Bg2 Bg7 5. c4 dxc4 6. Ne5 c6 7. Nc3 Be6 8. a4 Nbd7 9. Nxd7 Qxd7 10. a5 Rd8 11. O-O O-O 12. e4 Bh3 13. Be3 Bxg2 14. Kxg2 Ne8 15. Qa4 Nc7 16. Qxc4 Bxd4 17. Rad1 c5 18. Bxd4 cxd4 19. f4 Qc6 20. Rxd4 Qxc4 21. Rxc4 Rd7 22. Rf2 Rfd8 23. h4 Ne8 24. Nd5 e6 25. Ne3 Rd2 26. Rc2 R2d4 27. e5 Rd3 28. Nf1 R3d5 29. Rfd2 Kf8 30. b4 Ke7 31. Kf2 Rxd2+ 32. Nxd2 Rd4 33. Rb2 Rd3 34. Ne4 Rd5 35. Ke2 b6 36. Nc3 Rd4 37. Ke3 Rd7 38. axb6 axb6 39. Rd2 Ra7 40. Nb5 Ra4 41. Rb2 h5 42. Kd4 Ng7 43. Kc4 Nf5 44. Rb3 Ra1 45. Rd3 Rg1 46. Nd6 Nxg3 47. Nc8+ Ke8 48. Nxb6 Ne2 49. Nd7 Rc1+ 50. Kb5 Nc3+ 51. Ka6 Ra1+ 52. Kb7 Nd5 53. Nf6+ Nxf6 54. exf6 Rb1 55. Rd4 Rb3 56. Kb6 Re3 57. b5 e5 58. fxe5 Rxe5 59. Ka6 Re6+ 60. b6 Rxf6 61. Ka7 Rxb6 62. Kxb6 Ke7 63. Re4+ Kf6 64. Rf4+ Ke6 65. Kc5 f6 66. Re4+ Kf5 67. Kd4 g5 68. Ke3 gxh4 69. Rxh4 Kg5 70. Ra4 f5 71. Kf3 h4 72. Kg2 f4 73. Kh3 f3 74. Rb4 Kf5 75. Rxh4 Kg5 76. Rc4 f2 77. Kg2 1-0